| 000 | 00823nam a2200241Ia 4500 | ||
|---|---|---|---|
| 001 | 8486 | ||
| 003 | GE_BSU | ||
| 008 | 181216s||||||||xx |||||||||||||| ||und|| | ||
| 040 | _cGE_BSU | ||
| 080 | _a821.353.1-32 | ||
| 100 | _aზენაიშვილი,დავით. | ||
| 245 | _aჩემი ზღვა და ხმელეთი. | ||
| 245 | _bმოთხრობები. | ||
| 245 | _cრედ:ლეილა ბეჟანიძე;მხატვ:გურამ გუჯაბუიძე. | ||
| 260 | _aბათუმი. | ||
| 260 | _bალიონი. | ||
| 260 | _c1995. | ||
| 300 | _a183გვ;1ფ.პორტ.17სმ. | ||
| 541 | _h3ლ.-6ლ. | ||
| 653 | _aმოთხრობები. | ||
| 653 | _aჩემი ზღვა და ხმელეთი. | ||
| 942 | _cBK | ||
| 999 |
_c41803 _d41803 |
||